000 00498nam a22001937a 4500
005 20190624150759.0
008 190624b xxu||||| |||| 00| 0 eng d
020 _a9788122431551
_cRs.499.00
040 _aLoreto College
041 _aEnglish
082 _a519.5
_bCHA
100 _aChakravarty,S.K.
245 _aBusiness Statistics
_cS.K.Chakravarty
260 _aNew Delhi
_bNew Age International
_c2011
300 _ax,787p
_b24cm
650 _aStatistics
850 _aLCLIB
942 _cBK
999 _c42115
_d92594